Football Teams Philippe Coutinho Played For - Statistics

General Stats
  • This quiz has been taken 61 times
  • The average score is 7 of 10
Answer Stats
League Years Team % Correct
Spain 2018-2019 FC Barcelona
100%
Spain 2020-2022 FC Barcelona
100%
England 2013-2018 Liverpool FC
98%
Germany 2019-2020 FC Bayern München
93%
Italy 2010-2012 Inter
91%
Italy 2012-2013 Inter
91%
England 2022-2023 Aston Villa
85%
Qatar 2023- Al-Duhail SC
28%
Brazil 2008-2010 CR Vasco da Gama
28%
Spain 2012 RCD Espanyol
24%
No matching quizzes found
Score Distribution
Percent of People with Each Score
Percentile by Number Answered
Your Score History
You have not taken this quiz